MDQL
is popping MORE tags! Check the
thread
!
Quizzes
Events
Quiz Creation
Community
Videos
Private Events
Remove Ads
Sign In
Join for FREE
Feedback
Dark Mode
Quiz Categories
Sports
Geography
Music
Movies
Television
Just For Fun
Miscellaneous
History
Literature
Language
Science
Gaming
Entertainment
Religion
Holiday
For Kids
Quiz Lab
Recent
Popular Today
Quiz Kudos Today
Editor Picks
Curator Picks
Quizzes by...
Day
Popularity
Type
Ratings
Length
Year
Community
Subscriptions
Recent Discussions
Orange Saloon
Badges
Playlists
Quests
Create
Leaderboards
Showdown
Live 5
Trivia Bingo
Activity
Puzzle Library
Sporcle Events
Private Events
Virtual Trivia
Globe League
Become a Host
Pub Owners
SporcleCon
Opinionation
Our Games
Videos
Blog
Mobile Apps
Partnerships
Remove Ads and Go Orange
Feedback
Sports
Athletes
MLB
NBA
NHL
NFL
Soccer
Sports Teams
WWE
NCAA
Football
Premier League
Basketball
Baseball
Hockey
Golf
Tennis
Cricket
Rugby
Auto Racing
Olympics
World Cup
Sports
Athletes
MLB
NBA
NHL
NFL
Soccer
Sports Teams
WWE
NCAA
Football
Premier League
Basketball
Baseball
Hockey
Golf
Tennis
Cricket
Rugby
Auto Racing
Olympics
World Cup
Random Quiz
Search Sporcle
×
Quiz Lab
Quiz Lab
Sports
NBA
Select answers by clicking on text or image buttons
Select answers by clicking on text or image buttons
Clickable
Best Score? Go Orange.
NBA Long Chain Quiz Stats
Can you pick the right answer?
By
stickcool01
20m
78 Questions
43.4K Plays
43,360 Plays
43,360 Plays
Comments
Comments
Give Quiz Kudos
Give Quiz Kudos
-
- Ratings
hide this ad
More Info
Forced Order
Answers have to be entered in order
Answers have to be entered in order
Minefield
Wrong answers will end the quiz
Wrong answers will end the quiz
Replay
Link that replays current quiz
Next Quiz
Link to next quiz in quiz playlist
You Got
0%
They Got
Avg Score
24%
Avg Friend Score
Upgrade to see
Score Distribution
Jump to the score distribution portion of the page
Score
0/78
Timer
20:00
0
Plays Today
% Correct
???
100%
???
79.5%
???
78.3%
???
75.2%
???
68.2%
???
66.7%
???
65.3%
???
63.4%
???
61.4%
???
58.3%
???
58%
???
55.2%
???
47.2%
???
45.6%
???
45.2%
???
42.5%
???
41.2%
???
40.4%
???
40.1%
???
38.6%
???
37%
???
35.4%
???
34.3%
???
30.1%
???
28.2%
???
28%
???
27.7%
???
27.3%
???
27.1%
???
21.6%
???
20.5%
???
19.9%
???
19.4%
???
19.3%
???
19%
???
18.5%
???
18.3%
???
18.2%
???
16.7%
% Correct
???
16.4%
???
16.3%
???
15.7%
???
15.6%
???
14.7%
???
12.8%
???
12.7%
???
12.4%
???
12.4%
???
12.2%
???
12.1%
???
11.7%
???
11.2%
???
11.1%
???
9.7%
???
7.4%
???
7.1%
???
7%
???
7%
???
6.6%
???
6.5%
???
6%
???
5.8%
???
5.8%
???
5.2%
???
5.2%
???
2.7%
???
2.6%
???
2.5%
???
2.5%
???
2.5%
???
2.5%
???
2.4%
???
2.4%
???
2.4%
???
2.4%
???
2.3%
???
2.3%
???
2.3%
Quiz Playlist
Details
Report
Send in Message
Add To Playlist
More Info:
For KOT4Q and or Mike Goatzemba
Clickable:
Select answers by clicking on text or image buttons
Forced Order:
Answers have to be entered in order
Minefield:
Wrong answers will end the quiz
Last Updated: Sep 9, 2017
Quiz Scoreboard
CHALLENGE
Sign Up to Join the Scoreboard
Show All
Scores
Hide
Comments
May contain spoilers
Recently Published
Image Sorting: Flags VI
by Barbecue
Geography
2m
Find the 'City' Movie
by crazypaving
Movies
60s
Colored Red Africa Blitz
by spor1
Geography
45s
More to Explore
Quiz From the Vault
Featured Blog Post
14 Easter Pick-up Lines to Find Eggs With
hide this ad
You Might Also Like...
Tags
Basketball Quiz
Clickable Quiz
NBA Quiz
NCAA Quiz
Chain Game
LeBron James
long
Michael Jordan
Today's Top Quizzes in Sports
Browse Sports
hide this ad
Today's Top Quizzes in NBA
Browse NBA
Top Contributed Quizzes in Sports
1
Les meilleurs buteurs des matchs entre le PSG et l’OM
2
Les entraîneurs de l'OM et du PSG au 21e siècle
3
2022 World Cup Stars
4
Les joueurs passés par le PSG et l'OM
5
Players with Multiple 50 Home Run Seasons
6
Criteria MLB: Left Handed Sluggers
7
FIFA Club World Cup Champions
8
Les joueurs passés par le LOSC et le RC Lens
9
NBA Logic Puzzle 2.0
10
Top 10 NHL Goal Scorers of All Time
Explore More
Trending Topics
Crossword
Marvel
Anime
NBA
Kpop
Disney
Harry Potter
NFL
Pokémon
The Office
Puzzle
WWE
Song
Soccer
Country
hide this ad
More By:
stickcool01
Quiz
Plays
Rating
Category
Featured
Created
NBA Long Chain Quiz
43,360
3.20
Sports
Apr 27, 2017
NBA easy quiz
28,179
2.63
Sports
Apr 28, 2017
2017 NBA Draft
2,634
4.00
Sports
Jun 28, 2017
NBA Who Drafted That Player?
850
4.00
Sports
Apr 27, 2017
2016 NBA Draft
411
3.67
Sports
Jun 28, 2017
Go to Creator's Profile
Score Distribution
Quiz Creator Spotlight
stickcool01
Follow
Send a Message
Quizzes Created
-
Created Quiz Play Count
-
More By This Creator
Popular Quizzes Today
1
Colored Red Africa Blitz
2
Find the US States - No Outlines Minefield
3
Find the 'City' Movie
4
5x2 Blitz: Bands
5
The Countries of the World
6
Find the US States
7
Find the Countries of Europe - No Outlines Minefield
8
US States
More Sports Quizzes
Follow That Line: NBA Edition Pt. 2
Quiz Lab
Trending Quizzes
Colored Red Europe Blitz I
Colored Red Africa Blitz II
Colored Red Europe Blitz II
Colored Red Africa Blitz III
Colored Red Europe Blitz III
Recently Updated
How Do You Spell That?
pecheneg
Godzilla Movies
pecheneg
Grab Bag: 4-10 Letters
pecheneg
2024 March Madness Bracket
pecheneg
Famous TV Couples
Peacemaker
Champions League XIs: Real Madrid
pecheneg
Largest US Cities 1790-2010
pecheneg
Rides in Walt Disney World
pecheneg
Most Oscar Losses (Acting)
pecheneg
Beyoncé Albums
pecheneg
Trending Topics
Anime
Marvel
NBA
Harry Potter
Kpop
Crossword
Disney
Country
Soccer
NFL
Puzzle
The Office
Song
WWE
Pokémon
Your Account Isn't Verified!
In order to create a playlist on Sporcle, you need to verify the email address you used during registration. Go to your
Sporcle Settings
to finish the process.
Report this User
Report this user for behavior that violates our
Community Guidelines
.
Details:
Send Report
Go to the Sporcle.com Mobile Site →
Comments